000 01499nam a2200301 i 4500
001 49516
003 ES-MaACL
005 20250831031615.0
007 t|
008 030717s1884 sp ||||1| spa d
080 _a321.01(460)(091)
100 1 _aCosta, Joaquín,
_d1846-1911
_941054
245 1 0 _aEstudios jurídicos y políticos /
_cpor Joaquín Costa.
260 _aMadrid :
_b[s.n.],
_c1884 (
_fImp. Revista de Legislación, a cargo de M. Ramos)
300 _aXVI, 439 p. ;
_c23 cm.
490 1 _aBiblioteca jurídica de autores españoles ;
_v14
505 8 _aContiene: Apuntes para la historia de las doctrinas políticas en España ; Poder legislativo del Estado: requisitos de la costumbre jurídica según los autores ; La política antigua y la política nueva ; Política exterior y colonial de España
530 _aDisponible en formato digital.
650 4 _aPolítica-
_xFilosofía-
_zEspaña.
_916276
650 7 _aPoder legislativo-
_zEspaña
_2
_9145756
651 4 _aEspaña-
_xPolítica exterior-
_yS.XIX.
_98428
651 4 _aEspaña-
_xColonias-
_yS.XIX
_98176
830 1 _aBiblioteca jurídica de autores españoles ;
_v14
_9181120
852 _aES-MaACL
_jF-14642
856 4 _uhttps://bibliotecavirtual.aragon.es/es/consulta/registro.do?id=2703
_zBiblioteca Virtual de Aragón
856 4 _uhttps://weblioteca.uv.es/cgi/view.pl?source=uv_im_b16906561
_zRepositori d'Objectes Digitals per a l'Ensenyament, la Recerca i la Cultura
999 _c49516
_d49516